000
00331nam a2200133Ia 4500
008
231019s9999 xx 000 0 und d
082
_a
658.1508
_b
TUT-C
100
_a
Tutors- Virtual
245
0
_a
Financial Management
260
_a
Lahore, Pakistan
_b
Virtual University
_c
2015
300
_a
197
650
_a
Finance
999
_c
34482
_d
34482